[Event "Paris FIDE GP"]
[Site "Elancourt"]
[Date "2013.10.04"]
[Round "11"]
[White "Tomashevsky, Evgeny"]
[Black "Ivanchuk, Vassily"]
[Result "1/2-1/2"]
[WhiteElo "2706"]
[BlackElo "2731"]
[Annotator "ChessBase Website"]
[PlyCount "146"]
[EventDate "2013.09.22"]
[EventType "tourn"]
[EventRounds "11"]
[EventCountry "FRA"]
[EventCategory "20"]
[SourceTitle "CBM 157"]
[Source "ChessBase"]
[SourceDate "2013.11.12"]
[SourceVersion "1"]
[SourceVersionDate "2013.11.12"]
[SourceQuality "1"]
[TimeControl "40/7200:20/3600:900+30"]
[WhiteClock "2:00:00"]
[BlackClock "2:00:00"]

1. d4 {[%emt 0:00:04]} d5 {[%emt 0:00:04]} 2. c4 {[%emt 0:00:07]} c6 {[%emt 0:
00:04]} 3. Nf3 {[%emt 0:00:23]} Nf6 {[%emt 0:00:05]} 4. e3 {[%emt 0:00:25]} a6
{[%emt 0:00:05]} 5. Bd3 {[%emt 0:06:21]} Bg4 {[%emt 0:00:38]} 6. Qb3 {[%emt 0:
00:17]} Bxf3 {[%emt 0:00:27]} 7. gxf3 {[%emt 0:01:03]} Ra7 {[%emt 0:00:53]} 8.
Nc3 {[%emt 0:11:45] Tomashevsky avoided the ...a6 Slav by playing without Nc3,
a common way of dealing with this set-up as it has been proven that the knight
doesn't necessarily want to be in that square too quickly in those kinds of
systems. He was able to win a pawn with a long but well calculated combination
but surprisingly his advantage was not so strong as his extra pawn was very
difficult to convert in a queen endgame. To Tomashevsky's credit he tried very
hard but it was simply impossible to win with his weak king position that
ultimately allowed Ivanchuk to force a perpetual.} e6 {[%emt 0:00:44]} 9. Bd2 {
[%emt 0:01:34]} Be7 {[%emt 0:06:35]} 10. c5 $146 {[%emt 0:08:39]} (10. f4 dxc4
11. Bxc4 b5 12. Be2 Nbd7 13. Qc2 c5 14. dxc5 Nxc5 15. b4 Ncd7 16. a4 Bxb4 17.
axb5 a5 18. Na4 Nd5 19. O-O O-O 20. Bf3 Rc7 21. Qd3 Nc5 22. Nxc5 Rxc5 23. Rfc1
Nc3 24. Qxd8 Rxd8 25. Bxc3 Rxc3 26. Rxc3 Bxc3 27. Rc1 Bb4 28. b6 Kf8 29. b7 Bd6
30. Rc6 Ke7 31. Ra6 Bc7 32. Kg2 g6 33. Ra8 h6 34. Rc8 Bb8 35. Bc6 g5 36. fxg5
hxg5 37. e4 f5 38. Kf3 Be5 39. exf5 exf5 {Mena Crespo,C (2353)-Arias,L (2406)
Havana 2009 1/2-1/2}) 10... e5 {[%emt 0:03:07]} 11. dxe5 {[%emt 0:01:07]} Nfd7
{[%emt 0:00:02]} 12. f4 {[%emt 0:00:13]} Nxc5 {[%emt 0:01:01]} 13. Qc2 {
[%emt 0:00:08]} Nxd3+ {[%emt 0:08:07]} 14. Qxd3 {[%emt 0:00:17]} Nd7 {[%emt 0:
00:39]} 15. O-O-O {[%emt 0:05:07]} O-O {[%emt 0:02:25]} 16. Rhg1 {[%emt 0:12:
40]} f5 {[%emt 0:12:45]} 17. Nxd5 {[%emt 0:18:45]} cxd5 {[%emt 0:01:34]} 18.
Qxd5+ {[%emt 0:00:04]} Kh8 {[%emt 0:00:12]} 19. Bc3 {[%emt 0:00:36]} b5 {
[%emt 0:02:31]} 20. Qg2 {[%emt 0:12:04]} g6 {[%emt 0:00:19]} 21. e6+ {[%emt 0:
01:41]} Bf6 {[%emt 0:00:07]} 22. Bxf6+ {[%emt 0:07:13]} Rxf6 {[%emt 0:00:38]}
23. exd7 {[%emt 0:00:07]} Rxd7 {[%emt 0:13:45]} 24. Qf3 {[%emt 0:00:16]} Kg7 {
[%emt 0:00:29]} 25. Rxd7+ {[%emt 0:02:52]} Qxd7 {[%emt 0:00:06]} 26. Rd1 {
[%emt 0:00:34]} Rc6+ {[%emt 0:02:31]} 27. Kb1 {[%emt 0:00:02]} Rd6 {[%emt 0:00:
04]} 28. Rxd6 {[%emt 0:03:44]} Qxd6 {[%emt 0:00:17]} 29. Qe2 {[%emt 0:00:23]}
a5 {[%emt 0:03:41]} 30. a3 {[%emt 0:03:29]} Qd5 {[%emt 0:01:30]} 31. f3 {
[%emt 0:00:49]} a4 {[%emt 0:00:54]} 32. e4 {[%emt 0:03:50]} Qb3 {[%emt 0:00:13]
} 33. exf5 {[%emt 0:08:33]} gxf5 {[%emt 0:00:41]} 34. Qe7+ {[%emt 0:00:08]} Kg8
{[%emt 0:00:11]} 35. Qe8+ {[%emt 0:00:41]} Kg7 {[%emt 0:00:07]} 36. Qe7+ {
[%emt 0:00:03]} Kg8 {[%emt 0:00:03]} 37. Qg5+ {[%emt 0:01:21]} Kh8 {[%emt 0:00:
05]} 38. Qf6+ {[%emt 0:01:32]} Kg8 {[%emt 0:00:07]} 39. Qxf5 {[%emt 0:00:39]}
Qd1+ {[%emt 0:00:06]} 40. Ka2 {[%emt 0:00:00]} Qb3+ {[%emt 0:00:00]} 41. Ka1 {
[%emt 0:00:10]} Qd1+ {[%emt 0:01:03]} 42. Ka2 {[%emt 0:00:32]} Qb3+ {[%emt 0:
00:12]} 43. Ka1 {[%emt 0:03:48]} Qd1+ {[%emt 0:00:22]} 44. Qb1 {[%emt 0:01:02]}
Qxf3 {[%emt 0:00:07]} 45. Qg1+ {[%emt 0:00:09]} Kf7 {[%emt 0:01:22]} 46. Qa7+ {
[%emt 0:02:09]} Kg6 {[%emt 0:00:05]} 47. Qb6+ {[%emt 0:07:34]} Kf7 {[%emt 0:01:
05]} 48. Qc7+ {[%emt 0:07:38]} Kg6 {[%emt 0:00:41]} 49. Qb6+ {[%emt 0:02:40]}
Kf7 {[%emt 0:00:07]} 50. Qc7+ {[%emt 0:16:34]} Kg6 {[%emt 0:01:57]} 51. Qd6+ {
[%emt 0:00:03]} Kf7 {[%emt 0:00:32]} 52. Qd7+ {[%emt 0:02:58]} Kf6 {[%emt 0:01:
40]} 53. Qxh7 {[%emt 0:00:55]} Qh1+ {[%emt 0:00:05]} 54. Ka2 {[%emt 0:00:12]}
Qd5+ {[%emt 0:00:04]} 55. Ka1 {[%emt 0:00:04]} Qh1+ {[%emt 0:00:04]} 56. Qb1 {
[%emt 0:00:07]} Qxh2 {[%emt 0:00:01]} 57. Qe4 {[%emt 0:07:54]} Qh5 {[%emt 0:10:
06]} 58. Qd4+ {[%emt 0:03:18]} Ke6 {[%emt 0:00:09]} 59. Qe4+ {[%emt 0:00:47]}
Kf6 {[%emt 0:01:32]} 60. Qd4+ {[%emt 0:00:00]} Ke6 {[%emt 0:00:00]} 61. Qe3+ {
[%emt 0:09:14]} Kf6 {[%emt 0:00:01]} 62. Qc3+ {[%emt 0:00:52]} Ke6 {[%emt 0:00:
09]} 63. Qc8+ {[%emt 0:03:10]} Kf6 {[%emt 0:00:46]} 64. Kb1 {[%emt 0:03:40]}
Qd1+ {[%emt 0:07:32]} 65. Qc1 {[%emt 0:00:04]} Qd3+ {[%emt 0:00:05]} 66. Qc2 {
[%emt 0:00:03]} Qf1+ {[%emt 0:00:11]} 67. Ka2 {[%emt 0:00:03]} Qxf4 {[%emt 0:
00:05]} 68. Qc6+ {[%emt 0:00:04]} Kf7 {[%emt 0:00:09]} 69. Qxb5 {[%emt 0:00:04]
} Qe4 {[%emt 0:00:10]} 70. Qb4 {[%emt 0:00:59]} Qd5+ {[%emt 0:00:14]} 71. Ka1 {
[%emt 0:00:23]} Qh1+ {[%emt 0:00:10]} 72. Ka2 {[%emt 0:00:02]} Qd5+ {[%emt 0:
00:06]} 73. Ka1 {[%emt 0:00:02]} Qh1+ {[%emt 0:00:08]} 1/2-1/2

[Event "Cap d'Agde Karpov qual 2nd"]
[Site "Cap d'Agde"]
[Date "2013.10.26"]
[Round "3"]
[White "Ivanchuk, Vassily"]
[Black "Muzychuk, Mariya"]
[Result "1/2-1/2"]
[WhiteElo "2733"]
[BlackElo "2491"]
[PlyCount "76"]
[EventDate "2013.10.25"]
[EventType "tourn (rapid)"]
[EventRounds "14"]
[EventCountry "FRA"]
[EventCategory "13"]
[SourceTitle "EXT 2014"]
[Source "ChessBase"]
[SourceDate "2013.11.20"]
[SourceVersion "1"]
[SourceVersionDate "2013.11.20"]
[SourceQuality "1"]

1. c4 Nf6 2. Nc3 d5 3. cxd5 Nxd5 4. g3 g6 5. Bg2 Nb6 6. d3 Bg7 7. Be3 O-O 8.
Qd2 Nc6 9. Bxc6 bxc6 10. Bh6 c5 11. b3 Bb7 12. f3 a5 13. Bxg7 Kxg7 14. Nh3 a4
15. Rc1 Qd7 16. Nf2 axb3 17. axb3 Qe6 18. Nce4 Nd7 19. O-O Bxe4 20. Nxe4 Qxb3
21. Nxc5 Nxc5 22. Rxc5 Qb6 23. Rfc1 Ra7 24. Kf1 f6 25. Qc3 Rc8 26. Rc6 Qe3 27.
Qc4 Ra5 28. f4 Kf8 29. Qb4 Rh5 30. Qe4 Qxe4 31. dxe4 Rxh2 32. R1c2 Rh1+ 33. Kg2
Ra1 34. Rxc7 Rxc7 35. Rxc7 h5 36. Rc8+ Kf7 37. Rh8 Kg7 38. Re8 Kf7 1/2-1/2

[Event "Cap d'Agde Karpov qual 2nd"]
[Site "Cap d'Agde"]
[Date "2013.10.28"]
[Round "8"]
[White "Ivanchuk, Vassily"]
[Black "Karpov, Anatoly"]
[Result "0-1"]
[WhiteElo "2733"]
[BlackElo "2619"]
[Annotator "CB"]
[PlyCount "40"]
[EventDate "2013.10.25"]
[EventType "tourn (rapid)"]
[EventRounds "14"]
[EventCountry "FRA"]
[EventCategory "13"]
[SourceTitle "EXT 2014"]
[Source "ChessBase"]
[SourceDate "2013.11.20"]
[SourceVersion "1"]
[SourceVersionDate "2013.11.20"]
[SourceQuality "1"]

1. e4 d5 2. exd5 Qxd5 3. Nc3 Qd6 ({Früher war} 3... Qa5 {obligatorisch}) 4. d4
c6 5. Nf3 ({Andere Partien von Karpov:} 5. Ne4 Qe6 6. Qe2 Nf6 7. f3 g6 8. g3
Nd5 9. c4 Nb4 10. a3 N4a6 11. d5 cxd5 12. cxd5 Qb6 13. Be3 Qd8 14. Bd4 f6 15.
Nxf6+ Kf7 16. Ne4 Rg8 17. Bh3 h6 18. Bxc8 Qxc8 19. f4 Nc7 20. Rc1 Qd8 21. Nf3
Bg7 22. Bxg7 Kxg7 23. Nc5 Nba6 24. Nxa6 Nxa6 25. Qe5+ Kh7 26. h4 Rf8 27. Ng5+
hxg5 28. hxg5+ Kg8 29. Qe6+ Kg7 30. Rh6 Qd6 31. Rxg6+ Kh7 32. Rh6+ Kg7 33. Qe4
{1-0 (33) Karjakin,S (2782)-Karpov,A (2619) Kiev 2013}) (5. Bc4 Nf6 6. Nge2 Be6
7. Bf4 Qd7 8. Bb3 g6 9. O-O Bg7 10. Be5 O-O 11. Nf4 Bxb3 12. axb3 Qd8 13. Qe2
Nbd7 14. Rfd1 e6 15. Nd3 Qe7 16. h3 a6 17. Na4 Nxe5 18. dxe5 Nd7 19. Qe3 Rfd8
20. Nc3 c5 21. f4 b5 22. Nf2 f6 23. exf6 Bxf6 24. Qf3 b4 25. Na4 c4 26. bxc4
Nc5 27. Nxc5 Qxc5 28. Qe4 Bxb2 29. Rab1 Bd4 30. Rd2 a5 31. Qxe6+ Kg7 32. Kh2
Bxf2 33. Rxf2 Qxf2 34. Qe7+ {1/2-1/2 (34) Topalov,V (2784)-Karpov,A (2619)
Kiev 2013}) (5. g3 Nf6 6. Bg2 Bf5 7. Nf3 Nbd7 8. O-O e6 9. Nh4 Bg6 10. Bf4 Qb4
11. a3 Qb6 12. Nxg6 hxg6 13. Qd3 Be7 14. b4 O-O 15. Na4 Qd8 16. c4 a5 17. b5
cxb5 18. cxb5 Nb6 19. Nxb6 Qxb6 20. Rfc1 Rac8 21. a4 Bb4 22. Rc4 Nd5 23. Bg5
Rxc4 24. Qxc4 Qd6 25. Bxd5 exd5 26. Qc2 Qd7 27. Rc1 Ba3 28. Re1 Bb4 29. Rc1 Ba3
30. Re1 Bb4 31. Rc1 {1/2-1/2 (31) Leko,P (2737)-Karpov,A (2619) Kiev 2013})
5... Bg4 6. h3 (6. Bd3 Nf6 7. h3 Bxf3 8. Qxf3 Qxd4 9. Be3 Qb4 10. Bd2 Qb6 11.
O-O-O Nbd7 12. Rhe1 e6 13. g4 Be7 14. g5 Nd5 15. g6 hxg6 16. Bxg6 O-O 17. Be4
N7f6 18. Rg1 Rfd8 19. Nxd5 cxd5 20. Bd3 Ne8 21. Bc3 Kf8 22. Rg4 Bf6 23. Bb4+
Nd6 24. Ba3 a5 25. Rdg1 Qc7 26. Rf4 Be5 27. Rh4 Rac8 28. Rh8+ Ke7 29. Rxd8 Rxd8
30. Re1 f6 31. Qg4 g5 32. h4 Bf4+ 33. Kb1 e5 34. hxg5 fxg5 35. Rh1 Rf8 36. Rh7+
Rf7 37. Rh6 Rf6 38. Rh8 e4 39. Bb5 Rf7 40. Re8+ Kf6 41. Re6+ Kg7 42. Qh5 Qd8
43. Qg6+ Kf8 44. Rxd6 {1-0 (44) Areshchenko,A (2708)-Karpov,A (2619) Kiev 2013}
) 6... Bxf3 (6... Bh5 7. g4 Bg6 8. Ne5 {ist gut für Weiß.}) 7. Qxf3 Qxd4 {
Das trauen sich nur wenige.} ({Häufiger geschieht} 7... Nf6 8. Be3) 8. Bf4 (8.
Be3 Qd8 9. Rd1 Nd7 10. Bc4 {mit riesigem weißen Entwicklungsvorsprung.}) 8...
e5 9. Bg5 Be7 10. Rd1 Qb6 11. Bc4 {Weiß steht schon auf Gewinn, meint Houdini.
} (11. Qg4 Qc7 12. Bxe7 Nxe7 13. Qxg7 Rg8 14. Qxh7 Nd7 15. Bc4 O-O-O 16. Qxf7
Nc5 17. Rxd8+ Qxd8 18. O-O Rf8 19. Rd1 Nd5 20. Qg7 Rg8 21. Qxe5 Nd7 22. Qd4 {
1-0 (22) Ristic,N (2432)-Milanovic,D (2487) Banja Koviljaca 2013}) 11... Nf6
12. Bxf6 gxf6 13. Qf5 ({Genauer war} 13. Qg4 {Nach} Na6 14. O-O Nc5 {geht nun}
15. b4 Na6 {und nach} (15... Qxb4 16. Bxf7+ $18) 16. Qh5 (16. Ne4 $18) 16...
Rf8 17. Qf5 {ist Schwarz wehrlos gegen die vielen weißen Drohungen.} Rd8 18.
Rxd8+ Qxd8 19. Rd1 Qc7 20. Nb5 $18) ({Möglich war auch} 13. Qh5 Rf8 14. Qf5
Qc7 15. O-O Nd7 16. Rd2 Nb6 17. Bb3 a5 18. a3 Rd8 19. Rxd8+ Qxd8 20. Rd1 Qc8
21. Qxh7 $18) 13... Na6 14. O-O Nc5 15. b3 (15. Rfe1 $5 {mit der Idee} Qxb2 16.
Rxe5 {und falls} Qxc3 {so} 17. Rxe7+ Kxe7 18. Qxc5+ Ke8 19. Bxf7+ $18) 15... h5
16. a3 (16. Rfe1 {mit der Idee Txe5 war immer noch stark.}) 16... Qa5 17. Nb1 {
Sieht etwas seltsam aus, aber Weiß steht immer noch klar besser.} ({Nichts
taugt nun} 17. b4 Qxa3 18. bxc5 Qxc3 19. Qd7+ Kf8 20. Qxb7 Kg7 $11) 17... b5
18. Be2 {Dieser Zug ist aber zu passiv.} ({Gut war} 18. b4 Qc7 19. bxc5 bxc4
20. Nd2 Qd7 21. Qf3 Qe6 22. Ne4 h4 23. Nd6+ Kf8 24. Qxc6 Rd8 25. f4 $16) 18...
Ne6 {Die Felder d4 und f4 leuchten. Plötzlich ist riesige weiße Vorteil
völlig verpufft.} 19. Bxh5 Kf8 {Mit einer kleinen Drohung, die Ivanschuk
übersieht...} (19... Ng7 20. Qd7+) 20. c3 Ng7 0-1

[Event "Cap d'Agde Karpov qual 2nd"]
[Site "Cap d'Agde"]
[Date "2013.10.30"]
[Round "11"]
[White "Ivanchuk, Vassily"]
[Black "Sebag, Marie"]
[Result "1/2-1/2"]
[WhiteElo "2733"]
[BlackElo "2510"]
[PlyCount "102"]
[EventDate "2013.10.25"]
[EventType "tourn (rapid)"]
[EventRounds "14"]
[EventCountry "FRA"]
[EventCategory "13"]
[SourceTitle "EXT 2014"]
[Source "ChessBase"]
[SourceDate "2013.11.20"]
[SourceVersion "1"]
[SourceVersionDate "2013.11.20"]
[SourceQuality "1"]

1. d4 d5 2. c4 c6 3. Nc3 Nf6 4. e3 e6 5. Nf3 Nbd7 6. Qc2 Bd6 7. Bd3 O-O 8. O-O
e5 9. cxd5 cxd5 10. Nb5 Bb8 11. dxe5 Nxe5 12. Nxe5 Bxe5 13. Bd2 a6 14. Bc3 Bxc3
15. Nxc3 d4 16. Ne4 Ng4 17. exd4 Qxd4 18. Rad1 Qe5 19. Ng3 Nf6 20. Rfe1 Qa5 21.
Ne4 Nxe4 22. Bxe4 h6 23. a3 Bg4 24. f3 Be6 25. Qf2 Rab8 26. f4 Rfd8 27. h3 b5
28. f5 Bb3 29. Rc1 b4 30. Rc5 Qb6 31. Rec1 bxa3 32. bxa3 Qf6 33. Rc6 Qe5 34.
Bf3 Qxf5 35. Rxa6 Bd5 36. Bxd5 Qxf2+ 37. Kxf2 Rxd5 38. Rc2 Rdb5 39. a4 Rb2 40.
Rac6 R8b3 41. a5 Rxc2+ 42. Rxc2 Ra3 43. Rc8+ Kh7 44. Rc5 g5 45. Ke2 Kg6 46.
Rc6+ f6 47. a6 h5 48. Kf2 h4 49. Rb6 Kf5 50. Rc6 Kg6 51. Rb6 Kf5 1/2-1/2

[Event "Gibraltar Masters playoff 12th"]
[Site "Caleta"]
[Date "2014.02.06"]
[Round "1.3"]
[White "Vitiugov, Nikita"]
[Black "Ivanchuk, Vassily"]
[Result "1-0"]
[WhiteElo "2737"]
[BlackElo "2739"]
[Annotator "Saunders,J"]
[PlyCount "83"]
[EventDate "2014.02.06"]
[EventType "k.o. (rapid)"]
[EventRounds "2"]
[EventCountry "GGB"]
[SourceTitle "CBM 159"]
[Source "ChessBase"]
[SourceDate "2014.03.17"]
[SourceVersion "1"]
[SourceVersionDate "2014.03.17"]
[SourceQuality "1"]

1. d4 d5 2. c4 dxc4 3. Nf3 Nf6 4. e3 e6 5. Bxc4 c5 6. O-O Nc6 7. Qe2 a6 8. Rd1
b5 ({In the context of blitz,} 8... Qc7 {might have been more prudent if Black
wanted to avoid mega-complications.}) 9. Bb3 (9. dxc5 Qc7 10. Bd3 {and 11.a4
should give White a slight edge.}) 9... c4 10. Bc2 Nb4 {The commentators
thought White had slipped up here, allowing Black to exchange the
light-squared bishop for a knight.} 11. e4 Bb7 (11... Nxc2 12. Qxc2 Bb7 13. d5
exd5 14. Nc3 Bc5 15. Bg5 d4 {has been seen before.}) 12. d5 {[diag]} ({Now} 12.
Nc3 {has been played before but Vitiugov's move is definitely better.}) 12...
Nxc2 ({Exiting the book: curiously, this position was reached as far back as
1934, in the game Hoenlinger-Kolnhofer at the Trebitsch Memorial tournament,
Vienna. It continued with the much safer} 12... Qc8 {and then} 13. Bg5 Nxc2 14.
Qxc2 h6 15. Bh4 g5 16. Bg3 Bg7 17. a4 exd5 18. exd5 O-O {and eventually ended
in a draw, though Black is on the brink of being a pawn up here.}) 13. dxe6 $1
Nxa1 14. Rxd8+ Rxd8 15. exf7+ Kxf7 {[diag] Hereabouts, analysis engines cease
to be a useful guide to what's happening as they add up the material (queen
for two rooks and a minor piece) and reckon Black is a good deal better.
Humans can see that the knight on a1 is never getting out alive and that White
has a couple of other positional plus points. The commentators were in no
doubt that White was in the box seat here.} 16. Ng5+ Kg8 17. e5 Ne4 18. Ne6 Re8
19. Nxf8 Kxf8 20. f3 Nc5 21. Be3 Nd3 22. Bd4 Rd8 23. Bb6 Rd5 $2 (23... Rd7 {
puts up a sterner defence. For example, if} 24. e6 Re7 25. f4 {Black can
perhaps stir things up with} Nc2 $1 {when} 26. Qxc2 $2 Rxe6 27. Bf2 Kf7 {
gets Black right back in the game.}) 24. f4 Kf7 (24... Nxf4 $5 {is better than
it looks:} 25. Qf3 Ke8 26. Nc3 Rf8 $1 27. Nxd5 Bxd5 28. Qd1 Rf5 {with chances
for both sides.}) 25. Nc3 h5 $2 26. e6+ $1 {After this, White has everything
under control.} Ke7 27. Nxd5+ Bxd5 28. f5 Kd6 29. Bd4 Rg8 30. Qxh5 Nc2 31. Bb6
Kc6 32. Qf7 Rc8 33. Qd7+ Kxb6 34. Qxc8 Nd4 35. h3 Nxf5 36. e7 Nxe7 37. Qd8+ Kc6
38. Qxe7 Nxb2 39. Qxg7 Na4 40. h4 c3 41. h5 c2 42. Qg6+ 1-0

[Event "Capablanca Memorial Elite 49th"]
[Site "Havana"]
[Date "2014.05.16"]
[Round "8"]
[White "Almasi, Zoltan"]
[Black "Ivanchuk, Vassily"]
[Result "1/2-1/2"]
[WhiteElo "2693"]
[BlackElo "2753"]
[PlyCount "113"]
[EventDate "2014.05.08"]
[EventType "tourn"]
[EventRounds "10"]
[EventCountry "CUB"]
[EventCategory "19"]
[SourceTitle "CBM 161"]
[Source "ChessBase"]
[SourceDate "2014.07.16"]
[SourceVersion "1"]
[SourceVersionDate "2014.07.16"]
[SourceQuality "1"]

1. e4 e6 2. d4 d5 3. Nd2 c5 4. Ngf3 Nc6 5. exd5 exd5 6. Bb5 Bd6 7. dxc5 Bxc5 8.
O-O Nge7 9. Nb3 Bd6 10. c3 Bg4 11. h3 Bh5 12. Be2 O-O 13. Nfd4 Bg6 14. Re1 Re8
15. Bf1 a6 16. Be3 Ne5 17. Bf4 Nc4 18. Bxd6 Qxd6 19. Qc1 Qb6 20. Bxc4 dxc4 21.
Nd2 Bd3 22. N2f3 Ng6 23. Qd2 h6 24. Rxe8+ Rxe8 25. b3 Be4 26. Re1 cxb3 27. axb3
Qd8 28. Re3 Bxf3 29. Rxe8+ Qxe8 30. Nxf3 Qe4 31. Nd4 Nf4 32. f3 Qe5 33. h4 Ng6
34. Qf2 b5 35. g3 a5 36. Kg2 a4 37. Qa2 b4 38. Qxa4 bxc3 39. Qa8+ Nf8 40. Qe4
Qxe4 41. fxe4 Ne6 42. Nc2 Nc5 43. b4 Nxe4 44. Kf3 f5 45. Kf4 Kf7 46. g4 Nd6 47.
gxf5 Kf6 48. Ne3 Nxf5 49. Nd5+ Ke6 50. Nxc3 Nxh4 51. b5 Nf5 52. b6 Nd6 53. Ne4
Kd5 54. Ng3 g6 55. Ne4 Kc6 56. Nf6 Kxb6 57. Ng8 1/2-1/2